Countries with the Most Prostitutes - Statistics

General Stats
  • This quiz has been taken 1,086 times
  • The average score is 5 of 10
Answer Stats
% of Population Country % Correct
0.45% Thailand
79%
0.53% Brazil
68%
0.60% China
68%
0.49% Germany
47%
1.19% Venezuela
42%
0.85% Philippines
40%
1.1% South Korea
40%
0.63% Nigeria
36%
0.52% Malaysia
35%
1.02% Peru
35%
No matching quizzes found
Score Distribution
Percent of People with Each Score
Percentile by Number Answered
Your Score History
You have not taken this quiz